000 00645nam a2200277Ia 4500
005 20260324134148.0
008 008 260324s9999 xx 000 0 eng d
020 _a9781003580065
037 _aEBOOK
040 _aCRL
040 _beng
040 _cCRL
041 _2eng
041 _aeng
084 _qCRL
100 _aH. Cerjak
_91195800
245 0 _aMathematical Modelling of Weld Phenomena: No. 5
260 _bTaylor and Francis
260 _c2002
365 _a
365 _b465
856 _uhttp://www.taylorfrancis.com/books/9781003580065
942 _cEBOOK
999 _c1795568
_d1795568